Województwa graniczące z województwem łódzkim - Statystyki

Ogólne statystyki
  • Ten quiz został rozwiązany 27 razy
    20 od ostatniego zresetowania
  • Średni wynik to 5 z 6
Statystyki odpowiedzi
Województwo % Poprawnych
mazowieckie
100%
kujawsko-pomorskie
94%
śląskie
94%
świętokrzyskie
94%
opolskie
82%
wielkopolskie
82%
Nie znaleziono quizów pasujących do podanych kryteriów
Rozkład punktacji
Procent ludzi z każdym wynikiem
Percentyl według liczby udzielonych odpowiedzi
Twoja historia wyników
Nie rozwiązałeś tego quizu od ostatniego zresetowania